| Tag |
First Indicator |
Second Indicator |
Subfields |
| LEADER |
00000cam a2200000Ia 4500 |
| 001 |
in00002084321 |
| 005 |
20151102171304.0 |
| 008 |
051220s1977 ru a b 000 0 rusod |
| 010 |
|
|
|a 78420633
|
| 035 |
|
|
|a (OCoLC)ocm62715911
|
| 040 |
|
|
|a TXA
|c TXA
|d UtOrBLW
|
| 049 |
|
|
|a TXAM
|
| 050 |
0 |
0 |
|a TK9152
|b .F66 1977
|
| 100 |
1 |
|
|a Freĭman, Ė. S.
|q (Ėduard Solomonovich)
|
| 245 |
1 |
0 |
|a Osnovy bezopasnosti perevozki radioaktivnykh veshchestv /
|c Ė.S. Freĭman, V.D. Shchupanovskiĭ, V.M. Kaloshin.
|
| 264 |
|
1 |
|a Moskva :
|b Atomizdat,
|c 1977.
|
| 300 |
|
|
|a 214 pages :
|b illustrations ;
|c 17 cm.
|
| 336 |
|
|
|a text
|b txt
|2 rdacontent
|
| 337 |
|
|
|a unmediated
|b n
|2 rdamedia
|
| 338 |
|
|
|a volume
|b nc
|2 rdacarrier
|
| 504 |
|
|
|a Include bibliographical references (pages 207-[212]).
|
| 650 |
|
0 |
|a Radioactive substances
|x Transportation
|x Safety measures.
|
| 700 |
1 |
|
|a Shchupanovskiĭ, V. D.
|q (Vladimir Danilovich)
|
| 700 |
1 |
|
|a Kaloshin, V. M.
|q (Vadim Mikhaĭlovich)
|
| 948 |
|
|
|a cataloged
|b h
|c 2005/12/20
|d c
|e spoltoratski
|f 1:10:02 pm
|
| 994 |
|
|
|a C0
|b TXA
|
| 999 |
|
|
|a MARS
|
| 999 |
f |
f |
|s a6666acc-fd5e-31a8-ab34-801f7ec89c88
|i 22a91539-e7d4-3f71-b162-a08a38379475
|t 0
|
| 952 |
f |
f |
|p ric
|a Texas A&M University
|b Rellis Campus
|c Joint Library Facility
|d Remote Storage
|t 0
|e TK9152 .F66 1977
|h Library of Congress classification
|i unmediated -- volume
|m A14833055405
|
| 998 |
f |
f |
|a TK9152 .F66 1977
|t 0
|l Remote Storage
|